000 01450cab a22002295a 4500
001 L154583
008 120103e2011 xxk 000 0 eng d
035 _a(Sirsi) u154583
041 0 _aeng
245 0 0 _aK/S Victoria Street (a Danish Partnership) v House of Fraser (Stores Management) Ltd; House of Fraser Stores Ltd; House of Fraser Ltd
_h[electronic resource]
260 _c2011
520 _a[2011] EWCA Civ 904, 27 July 2011. Examines the issue whether or not an outgoing tenant's guarantor can be required to guarantee that tenant's assignee after the decision in "Good Harvest Partnership v Centaur Services Ltd" ([2001] EWHC 330 (Ch) (L149727)). "Held": A tenant's guarantor is not required to guarantee that tenant's assignee but the guarantor can be required to guarantee a tenant's assignee under an authorised guarantee agreement.
590 _aKA
650 2 4 _aK/S VICTORIA STREET V HOUSE OF FRASER (STORES MANAGEMENT) LTD
650 2 4 _aAVONRIDGE PROPERTY CO LTD V MASHRU
650 2 4 _aGOOD HARVEST PARTNERSHIP LLP V CENTAUR SERVICES LTD
650 2 4 _aLANDLORD AND TENANT (COVENANTS) ACT 1995
651 4 _aEngland and Wales
_y1543-
690 _aPROPERTY-COMMERCIAL PROPERTY-LEASEHOLD COMMERCIAL PROPERTY-COMMERCIAL LANDLORD AND TENANT-COMMERCIAL LEASES-ASSIGNMENT OF COMMERCIAL LEASES
856 4 0 _uhttps://www.bailii.org/ew/cases/EWCA/Civ/2011/904.html
_zView the law report free of charge at www.bailii.org
942 _n0
999 _c83677
_d83677